000
00343nam a2200145Ia 4500
008
150201s2009 xx 000 0 und d
082
_a
612.015
_b
V2009S
100
_a
SHARMA ,D.C.
245
_a
VIVA -VOCE IN BIOCHEMISTRY
250
_a
1ST
260
_b
AITBS
_a
DELHI
_c
2009
300
_a
1-230
650
_a
BIOCHEMISTRY
942
_2
ddc
_c
BK
_0
6
999
_c
4103
_d
4103